<?xml version="1.0" encoding="UTF-8"?><record xmlns="http://www.loc.gov/MARC21/slim" xmlns:zs="http://docs.oasis-open.org/ns/search-ws/sruResponse">
  <leader>01836cam a22004813a 4500</leader>
  <controlfield tag="001">16361867</controlfield>
  <controlfield tag="005">20250607035855.6</controlfield>
  <controlfield tag="008">900820q18001899gw            000 1 ger d</controlfield>
  <datafield ind1=" " ind2=" " tag="906">
    <subfield code="a">7</subfield>
    <subfield code="b">cbc</subfield>
    <subfield code="c">copycat</subfield>
    <subfield code="d">3</subfield>
    <subfield code="e">ncip</subfield>
    <subfield code="f">20</subfield>
    <subfield code="g">y-genmusic</subfield>
  </datafield>
  <datafield ind1=" " ind2=" " tag="955">
    <subfield code="e">vl34 2011-10-14 microfilm added</subfield>
  </datafield>
  <datafield ind1=" " ind2=" " tag="955">
    <subfield code="a">LCAP batch update 2025-06-01-04:00: LCAPM-644</subfield>
  </datafield>
  <datafield ind1=" " ind2=" " tag="010">
    <subfield code="a">  2010662094</subfield>
  </datafield>
  <datafield ind1=" " ind2=" " tag="035">
    <subfield code="a">16361867</subfield>
  </datafield>
  <datafield ind1=" " ind2=" " tag="035">
    <subfield code="a">(DLC)musschatz.15483</subfield>
  </datafield>
  <datafield ind1=" " ind2=" " tag="035">
    <subfield code="a">(CStRLIN)VAUP90-B1920</subfield>
  </datafield>
  <datafield ind1=" " ind2=" " tag="040">
    <subfield code="a">ViU</subfield>
    <subfield code="c">ViU</subfield>
    <subfield code="d">DLC</subfield>
  </datafield>
  <datafield ind1="1" ind2=" " tag="041">
    <subfield code="a">ger</subfield>
    <subfield code="h">fre</subfield>
  </datafield>
  <datafield ind1="0" ind2="0" tag="050">
    <subfield code="a">ML48</subfield>
    <subfield code="b">[S6079]</subfield>
  </datafield>
  <datafield ind1=" " ind2=" " tag="051">
    <subfield code="a">Microfilm Music 1854, reel 126.</subfield>
    <subfield code="c">Microfilm. Washington, D.C. : Library of Congress, [197-]. 1 microfilm reel ; 35 mm.</subfield>
  </datafield>
  <datafield ind1="1" ind2=" " tag="100">
    <subfield code="a">Massé, Victor,</subfield>
    <subfield code="d">1822-1884.</subfield>
    <subfield code="4">cmp</subfield>
  </datafield>
  <datafield ind1="1" ind2="0" tag="240">
    <subfield code="a">Nuit de Cléopâtre.</subfield>
    <subfield code="s">Libretto.</subfield>
    <subfield code="l">German</subfield>
  </datafield>
  <datafield ind1="1" ind2="0" tag="245">
    <subfield code="a">Kleopatra :</subfield>
    <subfield code="b">Oper in drei Akten und vier Bildern /</subfield>
    <subfield code="c">von Jules Barbier ; Deutsch von Friedrich Fremery ; Musik von Victor Massé.</subfield>
  </datafield>
  <datafield ind1=" " ind2=" " tag="260">
    <subfield code="a">Köln und Leipzig :</subfield>
    <subfield code="b">Druck und Verlag von Albert Ahn ;</subfield>
    <subfield code="a">Paris :</subfield>
    <subfield code="b">Léon Grus, éditeur, place Saint-Augustin,</subfield>
    <subfield code="c">[18--]</subfield>
  </datafield>
  <datafield ind1=" " ind2=" " tag="300">
    <subfield code="a">[2], 40, [2] p. ;</subfield>
    <subfield code="c">18 cm.</subfield>
  </datafield>
  <datafield ind1=" " ind2=" " tag="336">
    <subfield code="a">text</subfield>
    <subfield code="b">txt</subfield>
    <subfield code="2">rdacontent</subfield>
  </datafield>
  <datafield ind1=" " ind2=" " tag="337">
    <subfield code="a">unmediated</subfield>
    <subfield code="b">n</subfield>
    <subfield code="2">rdamedia</subfield>
  </datafield>
  <datafield ind1=" " ind2=" " tag="338">
    <subfield code="a">volume</subfield>
    <subfield code="b">nc</subfield>
    <subfield code="2">rdacarrier</subfield>
  </datafield>
  <datafield ind1=" " ind2="0" tag="440">
    <subfield code="a">Ahn's Operntext-Bibliothek</subfield>
  </datafield>
  <datafield ind1=" " ind2=" " tag="500">
    <subfield code="a">U.S. RISM Libretto Project.</subfield>
  </datafield>
  <datafield ind1=" " ind2=" " tag="500">
    <subfield code="a">"Als Manuskript gedruckt"--title page; legal notice--title page; publisher's list--back cover.</subfield>
  </datafield>
  <datafield ind1=" " ind2=" " tag="500">
    <subfield code="a">Singers' names not given.</subfield>
  </datafield>
  <datafield ind1=" " ind2="0" tag="650">
    <subfield code="a">Operas</subfield>
    <subfield code="v">Librettos.</subfield>
  </datafield>
  <datafield ind1=" " ind2=" " tag="653">
    <subfield code="a">Kleopatra</subfield>
  </datafield>
  <datafield ind1=" " ind2=" " tag="653">
    <subfield code="a">Charmion</subfield>
  </datafield>
  <datafield ind1=" " ind2=" " tag="653">
    <subfield code="a">Namuna</subfield>
  </datafield>
  <datafield ind1=" " ind2=" " tag="653">
    <subfield code="a">Manasse</subfield>
  </datafield>
  <datafield ind1=" " ind2=" " tag="653">
    <subfield code="a">Bocchoris</subfield>
  </datafield>
  <datafield ind1=" " ind2=" " tag="653">
    <subfield code="a">Mesrur</subfield>
  </datafield>
  <datafield ind1="1" ind2=" " tag="720">
    <subfield code="a">Fremery, Friedrich.</subfield>
    <subfield code="4">trl</subfield>
  </datafield>
  <datafield ind1="1" ind2=" " tag="720">
    <subfield code="a">Barbier, Jules, 1825-1901.</subfield>
    <subfield code="4">lbt</subfield>
  </datafield>
  <datafield ind1="4" ind2="1" tag="856">
    <subfield code="u">http://hdl.loc.gov/loc.music/musschatz.15483</subfield>
  </datafield>
  <datafield ind1=" " ind2=" " tag="985">
    <subfield code="e">USRISMlibretto</subfield>
  </datafield>
  <datafield ind1=" " ind2=" " tag="985">
    <subfield code="e">musschatz_scanning_2016</subfield>
  </datafield>
</record>
